Family movie / (Record no. 22515)

000 -LEADER
fixed length control field 01802nam a22003737a 4500
005 - DATE AND TIME OF LATEST TRANSACTION
control field 20260418115041.0
008 - FIXED-LENGTH DATA ELEMENTS--GENERAL INFORMATION
fixed length control field 260415b xxu||||| |||| 00| 0 eng d
040 ## - CATALOGING SOURCE
Original cataloging agency Cagayan State University
082 ## - DEWEY DECIMAL CLASSIFICATION NUMBER
Classification number 792.4372
Item number F198 2026
245 ## - TITLE STATEMENT
Title Family movie /
Statement of responsibility, etc director, producer, and star, Kevin Bacon ; written by Dan Beers ; producer and star, Sosie Bacon ; producers, Travis Bacon, Casey Durant, Benjamin, Fuqua, Russell Wayne Groves, Vince Jolivette, John H. Lang, Greg Lauritano, and Kyrra Sedgwick ; cinematographer, Mac Fisken ; editor, Bryan Gaynor ; star, Nathaniel Woolsey.
260 ## - PUBLICATION, DISTRIBUTION, ETC. (IMPRINT)
Place of publication, distribution, etc United States :
Name of publisher, distributor, etc 100 ZEROS ; Filmopoly ; Getaway Entertainment ; Mixed Breed Films ; Silver Sail Entertainment ; The Ranch Productions,
Date of publication, distribution, etc 2026.
300 ## - PHYSICAL DESCRIPTION
Extent 1 videofile, (ca. 81 min.) :
Other physical details sound, color.
520 ## - SUMMARY, ETC.
Summary, etc A filmmaking family finds themselves in a real-life horror movie when a body turns up on the set of their low-budget slasher, forcing them to cover up the murder to keep filming.
546 ## - LANGUAGE NOTE
Language note In English subtitle.
650 ## - SUBJECT ADDED ENTRY--TOPICAL TERM
Topical term or geographic name as entry element Families -- Drama.
655 ## - INDEX TERM--GENRE/FORM
Genre/form data or focus term Comedy
655 ## - INDEX TERM--GENRE/FORM
Genre/form data or focus term Horror
700 ## - ADDED ENTRY--PERSONAL NAME
Personal name Bacon, Kevin, director, producer, and star.
700 ## - ADDED ENTRY--PERSONAL NAME
Personal name Beers, Dan, writer.
700 ## - ADDED ENTRY--PERSONAL NAME
Personal name Bacon, Sosie, producer and star.
700 ## - ADDED ENTRY--PERSONAL NAME
Personal name Bacon, Travis, producer.
700 ## - ADDED ENTRY--PERSONAL NAME
Personal name Durant, Casey, producer.
700 ## - ADDED ENTRY--PERSONAL NAME
Personal name Fuqua, Benjamin, producer.
700 ## - ADDED ENTRY--PERSONAL NAME
Personal name Groves, Russell Wayne, producer.
700 ## - ADDED ENTRY--PERSONAL NAME
Personal name Jolivette, Vince, producer.
700 ## - ADDED ENTRY--PERSONAL NAME
Personal name Lang, John H., producer.
700 ## - ADDED ENTRY--PERSONAL NAME
Personal name Lauritano, Greg, producer.
700 ## - ADDED ENTRY--PERSONAL NAME
Personal name Sedgwick, Kyra, producer.
700 ## - ADDED ENTRY--PERSONAL NAME
Personal name Fisken, Mac, cinematographer.
700 ## - ADDED ENTRY--PERSONAL NAME
Personal name Gaynor, Bryan, editor.
700 ## - ADDED ENTRY--PERSONAL NAME
Personal name Fitzgerald, Michael, production designer.
700 ## - ADDED ENTRY--PERSONAL NAME
Personal name Woolsey, Nathaniel, star.
942 ## - ADDED ENTRY ELEMENTS (KOHA)
Source of classification or shelving scheme
Item type Audio-Visual Materials
Holdings
Source of acquisition Price effective from Permanent location Date last seen Not for loan Date acquired Source of classification or shelving scheme Koha item type Collection code Shelving location Damaged status Lost status Withdrawn status Current location Full call number
Donation2026-04-15Cagayan State University - Carig Library2026-04-15 2026-04-15 Audio-Visual MaterialsElectronic Media CenterAudio Visual   Cagayan State University - Carig Library792.4372 F198 2026

Cagayan State University University Library, Carig Campus
Tuguegarao City, Cagayan 3500 | www.csucarig.edu.ph

Powered by Koha